Particulars of a leasehold estate eligibly situate, no. 43, on the south and most frequented side of Holborn, in the City of London with two tenements in the rear thereof, nos. 3 and 4 King's Head Court (Record no. 116644)

MARC details
000 -LEADER
fixed length control field 00857cam a22001935a 4500
001 - CONTROL NUMBER
control field L141173
008 - FIXED-LENGTH DATA ELEMENTS--GENERAL INFORMATION
fixed length control field 071101s1847 xxk eng u
035 ## - SYSTEM CONTROL NUMBER
System control number (Sirsi) u141173
041 0# - LANGUAGE CODE
Language code of text/sound track or separate title eng
110 2# - MAIN ENTRY--CORPORATE NAME
Corporate name or jurisdiction name as entry element Shuttleworth and Sons
9 (RLIN) 5436
245 00 - TITLE STATEMENT
Title Particulars of a leasehold estate eligibly situate, no. 43, on the south and most frequented side of Holborn, in the City of London with two tenements in the rear thereof, nos. 3 and 4 King's Head Court
Remainder of title which will be sold by auction by Messrs. Shuttleworth and Sons at the Mart, opposite the Bank of England on Friday April 16 1847 at twelve o'clock...
260 ## - PUBLICATION, DISTRIBUTION, ETC.
Place of publication, distribution, etc. S.l.
Name of publisher, distributor, etc. s.n.
Date of publication, distribution, etc. [1847]
300 ## - PHYSICAL DESCRIPTION
Extent 2 leaves
Dimensions 37 x 23 cm.
340 ## - PHYSICAL MEDIUM
Material base and configuration Printed
351 ## - ORGANIZATION AND ARRANGEMENT OF MATERIALS
Hierarchical level Single item
651 4# - SUBJECT ADDED ENTRY--GEOGRAPHIC NAME
Geographic name London
690 ## - LOCAL SUBJECT ADDED ENTRY--TOPICAL TERM (OCLC, RLIN)
Topical term or geographic name as entry element PROPERTY-PROPERTY ACQUISITION AND DISPOSAL-ACQUISITION AND DISPOSAL AT AUCTION
942 ## - ADDED ENTRY ELEMENTS (KOHA)
Suppress in OPAC 0
Holdings
Withdrawn status Lost status Source of classification or shelving scheme Damaged status Not for loan Home library Current library Shelving location Date acquired Total Checkouts Full call number Barcode Date last seen Copy number Price effective from Koha item type
    Dewey Decimal Classification     London London Basement 01/11/2007   BASEMENT BOX 5 141173-1001 06/08/2019 1 06/08/2019 Archive